The Amazing Race Countries - U.S. Version - Statistics

General Stats
  • This quiz has been taken 770 times
    138 since last reset
  • The average score is 76 of 97
Answer Stats
Seasons visited Pit Stops Country % Correct
15 22 China
98%
8 12 United Kingdom
98%
All 50 United States
98%
6 10 Russia
96%
2 0 Canada
95%
13 10 Germany
94%
11 15 Italy
94%
9 11 Japan
94%
16 22 France
93%
13 20 India
93%
4 8 Australia
92%
7 11 Argentina
91%
7 10 Brazil
91%
3 5 Mexico
91%
5 4 Sweden
91%
4 5 Greece
90%
2 2 Ireland
90%
8 8 The Netherlands
90%
1 1 Ukraine
90%
4 4 Norway
89%
5 4 Spain
89%
8 11 Switzerland
89%
1 0 Finland
88%
2 3 Peru
88%
6 5 Austria
86%
3 3 Panama
86%
3 2 South Africa
86%
7 13 Vietnam
86%
5 8 Chile
85%
3 5 Colombia
85%
1 2 Egypt
85%
4 5 New Zealand
85%
2 2 Denmark
84%
6 11 Indonesia
84%
4 4 Portugal
84%
8 14 Thailand
84%
4 6 Morocco
83%
3 4 Poland
83%
3 3 South Korea
83%
2 3 Belgium
81%
3 5 Czech Republic
81%
2 2 Turkey
81%
2 2 Hungary
80%
3 3 Iceland
80%
5 6 Malaysia
80%
1 2 Slovenia
80%
2 2 Uruguay
80%
3 4 Croatia
79%
1 0 Kenya
79%
2 3 Romania
79%
1 1 Bolivia
78%
3 3 Cambodia
78%
2 2 Paraguay
78%
1 2 Dominican Republic
77%
1 1 Estonia
77%
1 1 Lithuania
77%
6 8 United Arab Emirates
77%
1 1 Ecuador
76%
1 1 Laos
76%
1 1 Costa Rica
75%
2 2 Oman
75%
3 3 Singapore
75%
1 2 Bulgaria
73%
2 4 Zimbabwe
73%
1 1 Madagascar
72%
4 6 Tanzania
72%
1 1 Armenia
71%
2 3 Sri Lanka
71%
1 2 Ghana
70%
1 1 Jamaica
70%
1 1 Mongolia
70%
2 2 Taiwan
70%
2 1 Zambia
70%
2 4 Botswana
69%
1 2 Jordan
69%
2 2 Kazakhstan
69%
3 5 Philippines
69%
1 1 Senegal
69%
1 1 Ethiopia
68%
1 1 Georgia
68%
1 0 Monaco
67%
2 3 Namibia
67%
1 2 Tunisia
67%
2 3 Bangladesh
65%
1 1 Mozambique
65%
1 1 Uganda
65%
1 1 Malta
64%
1 1 Trinidad and Tobago
64%
1 1 Azerbaijan
63%
1 1 Barbados
60%
1 2 Malawi
60%
1 1 Seychelles
57%
1 0 Liechtenstein
56%
1 1 Kuwait
54%
1 1 Bahrain
53%
1 1 Mauritius
50%
1 2 Burkina Faso
47%
No matching quizzes found
Score Distribution
Percent of People with Each Score
Percentile by Number Answered
Your Score History
You have not taken this quiz since the last reset